|
|
|
|
| LEADER |
01556nam a2200301 a 4500 |
| 001 |
15355923 |
| 008 |
101005s2010 nju b 001 0 eng d |
| 010 |
|
|
|a 2008030025
|
| 020 |
|
|
|a 9788131728963
|
| 020 |
|
|
|a 9780321562999 (alk. paper)
|
| 020 |
|
|
|a 0321562992 (alk. paper)
|
| 040 |
|
|
|a DLC
|c DLC
|d BTCTA
|d BAKER
|d YDXCP
|d C#P
|d BWX
|d DLC
|d DB-DhAAL
|
| 082 |
0 |
0 |
|a 005.13/3
|2 22
|
| 245 |
0 |
4 |
|a The C# programming language /
|c Anders Hejlsberg ... [et al.].
|
| 250 |
|
|
|a 3rd ed., Special annotated ed.
|
| 260 |
|
|
|a Upper Saddle River, NJ ;
|a New Delhi :
|b Pearson/Addison-Wesley,
|c c2010.
|
| 300 |
|
|
|a xviii, 754 p. ;
|c 25 cm.
|
| 490 |
0 |
|
|a Microsoft .NET development series
|
| 500 |
|
|
|a Rev. ed of: The C# programming language / Anders Hejlsberg, Scott Wiltamuth, Peter Golde, 2nd ed. 2006.
|
| 504 |
|
|
|a Includes bibliographical references (p. 725) and index.
|
| 541 |
1 |
|
|e 00021210
|
| 650 |
|
0 |
|a C# (Computer program language)
|
| 700 |
1 |
|
|a Hejlsberg, Anders.
|
| 852 |
4 |
|
|a Ayesha Abed Library
|j General Shelf.
|
| 999 |
|
|
|c 9666
|d 9666
|
| 952 |
|
|
|0 0
|1 0
|2 ddc
|4 0
|6 005_133000000000000_CPR_2010
|7 0
|9 12289
|a BRACUL
|b BRACUL
|c GEN
|d 2010-10-06
|l 5
|m 30
|o 005.133 CPR
|p 3010021210
|r 2025-05-22
|s 2025-01-07
|t 1
|w 2010-10-06
|y BK
|
| 952 |
|
|
|0 0
|1 0
|2 ddc
|4 0
|6 005_133000000000000_CPR_2010
|7 0
|9 12293
|a BRACUL
|b BRACUL
|c GEN
|d 2010-10-06
|l 3
|m 27
|o 005.133 CPR
|p 3010021211
|r 2019-07-30
|s 2019-07-24
|t 2
|w 2010-10-06
|y BK
|
| 952 |
|
|
|0 0
|1 0
|2 ddc
|4 0
|6 005_133000000000000_CPR_2010
|7 0
|9 12294
|a BRACUL
|b BRACUL
|c GEN
|d 2010-10-06
|l 1
|m 15
|o 005.133 CPR
|p 3010021212
|r 2014-01-27
|s 2013-09-26
|t 3
|w 2010-10-06
|y BK
|